Les végétaux dans le calendrier républicain - Automne - Statistiques

Statistiques générales
  • Ce quiz a été pris 20 fois
  • Le résultat moyen est 25 sur 69
Statistiques - réponses
Date Initiale Indice Réponse % Correct
1er vendémiaire R Fruit de la vigne Raisin
100%
17 vendémiaire C Populaire le 31/10 Citrouille
86%
1er brumaire P Golden ? Pomme
86%
2 vendémiaire S Epice chère Safran
86%
11 vendémiaire P Amie de Parmentier Pomme de terre
79%
26 vendémiaire A Légume violet Aubergine
71%
24 brumaire O Agrume Orange
71%
3 brumaire P Louisebonne par exemple Poire
71%
19 vendémiaire T Grosse fleur jaune Tournesol
71%
7 vendémiaire C Légume orange Carotte
64%
19 brumaire G Non explosive en fruit Grenade
64%
23 vendémiaire N Rave Navet
64%
29 vendémiaire O Céréale Orge
64%
28 frimaire T Or noir du Périgord Truffe
64%
4 brumaire B Rouge ou sucrière Betterave
57%
2 brumaire C Branche ou boule Céleri
57%
28 brumaire C Pas dans un angle !!! Coing
57%
27 frimaire L Pour les bouchons Liège
57%
22 vendémiaire P Fruit d'été blanc ou jaune Pêche
57%
13 vendémiaire P Courge Potiron
57%
14 frimaire S Roi des forêts Sapin
57%
28 vendémiaire T Pomme d'or Tomate
57%
21 vendémiaire C Plante textile Chanvre
50%
7 frimaire CF Légume blanc et vert Chou-fleur
50%
29 frimaire O Petit fruit méditerranéen Olive
50%
9 vendémiaire P Presque carotte Panais
50%
11 brumaire S Légume-racine Salsifis
50%
18 vendémiaire S Blé noir Sarrasin
50%
16 vendémiaire BDN Fleur nocturne Belle de nuit
43%
3 vendémiaire C Se mange grillée Châtaigne
43%
14 brumaire E Chicon Endive
43%
18 frimaire L Grimpante résistante Lierre
43%
6 frimaire M Salade Mâche
43%
26 frimaire P ... De pin ? Pignon
43%
26 brumaire P Graine verte de l'apéritif Pistache
43%
23 frimaire R Pousse près de l'eau Roseau
43%
3 frimaire C Populaire dans le nord Chicorée
36%
7 brumaire F Fruit sucré Figue
36%
27 vendémiaire P Il pique Piment
36%
4 vendémiaire C Fleur automnale Colchique
29%
17 brumaire C Aquatique verte Cresson
29%
13 brumaire T Artichaut de Jérusalem Topinambour
29%
22 frimaire B Violette dans les landes Bruyère
21%
13 frimaire C Libanais ? Cèdre
21%
24 vendémiaire A Fleur de Noël Amaryllis
14%
17 frimaire C d'Italie ? Cyprès
14%
9 frimaire G Alcool du Nord Genièvre
14%
12 vendémiaire I Fleurs qui sèche Immortelle
14%
4 frimaire N De peu de valeur Nèfle
14%
24 frimaire O Accommode le poisson Oseille
14%
23 brumaire G Plante colorante Garance
7%
12 frimaire R Radis Raifort
7%
14 vendémiaire R Herbacée associée à la rose Réséda
7%
8 brumaire S Salsifis Scorsonère
7%
16 frimaire A Arbuste épineux Ajonc
0%
9 brumaire A Arbuste de clairière Alisier
0%
8 vendémiaire A Potagère Amarante
0%
22 brumaire A A plusieurs noyaux Azerole
0%
6 vendémiaire B Fleur mauve Balsamine
0%
16 brumaire C Chirouis Chervis
0%
29 brumaire C Sorbier Cormier
0%
18 brumaire D ... du Cap Dentelaire
0%
21 frimaire ES Arbre canadien Erable sucré
0%
6 brumaire H Boraginacée Héliotrope
0%
27 brumaire M Gesse Macjonc
0%
12 brumaire M Plante aquatique Macre
0%
1er frimaire R Campanule Raiponce
0%
19 frimaire S Genévrier du sud Sabine
0%
2 frimaire T Navet fourrager Turnep
0%
Aucun quiz correspondant
Distribution des résultats
% des personnes avec chaque résultat
Percentile par nombre de réponses
Votre historique - résultats
Vous n’avez pas pris ce quiz